Účtovanie nákupu a spotreby pri dvoch prepojených spoločnostiach

Postup a spôsob účtovania zásob. Opatrenia MF SR č. 23054/2002-92, ktorým sa ustanovujú podrobnosti o postupoch účtovania, usporiadaní, označovaní položiek účtovnej závierky, obsahovom vymedzení položiek a rozsahu údajov určených z účtovnej závierky pre účtovné jednotky účtujúce v sústave podvojného...

Descripción completa

Guardado en:
Detalles Bibliográficos
Autor principal: Kubaščíková, Zuzana, 1982-
Formato: Capítulo de libro
Lenguaje:eslovaco
Materias:
Etiquetas: Agregar Etiqueta
Sin Etiquetas, Sea el primero en etiquetar este registro!

MARC

LEADER 00000naa a2200000 4500
001 0171964
005 20240502072940.3
041 0 |a slo 
044 |a SK 
245 1 0 |a Účtovanie nákupu a spotreby pri dvoch prepojených spoločnostiach  |c Zuzana Kubaščíková 
520 |a Postup a spôsob účtovania zásob. Opatrenia MF SR č. 23054/2002-92, ktorým sa ustanovujú podrobnosti o postupoch účtovania, usporiadaní, označovaní položiek účtovnej závierky, obsahovom vymedzení položiek a rozsahu údajov určených z účtovnej závierky pre účtovné jednotky účtujúce v sústave podvojného účtovníctva. 
610 2 0 |a účtovníctvo podvojné 
610 2 0 |a jednotka účtovná 
610 2 0 |a postupy účtovné 
610 2 0 |a operácie účtovné 
610 2 0 |a prípady účtovné 
610 2 0 |a účtovanie 
610 2 0 |a zásoby 
100 1 |a Kubaščíková, Zuzana, 1982-